Aktuálne výzvy a problémy verejnej správy II. perspektívy komunálnej politiky na Slovensku po voľbách v roku 2014 : recenzovaný zborník vedeckých príspevkov z vedeckej konferencie
| Corporate Author: | |
|---|---|
| Other Authors: | , |
| Format: | Software eBook |
| Language: | Slovak Czech German English |
| PhysicalDescription: | 1 elektronický optický disk (CD-ROM) fareb. 12 cm |
| Published: |
Košice
Univerzita Pavla Jozefa Šafárika
2015
|
| ISBN: | 9788081523441 (elektronická kniha) |
| Edition: | Vyd.: prvé |
| Subjects: |
MARC
| LEADER | 00000nam a2200000 a 4500 | ||
|---|---|---|---|
| 001 | vtls011472650 | ||
| 003 | SK-MaSNL | ||
| 005 | 20260425232432.0 | ||
| 007 | co cg auuua | ||
| 008 | 160215s2015 xo | fs 100 0 slo | ||
| 015 | |a SNBS2017 | ||
| 020 | |a 9788081523441 (elektronická kniha) |z 9778081523441 | ||
| 040 | |a SNK |b slo |c SNK |e AACR2 | ||
| 041 | 0 | |a slo |a cze |a ger |a eng | |
| 043 | |a e-xo--- | ||
| 044 | |a xo |c SK | ||
| 072 | 7 | |a 35 |x Verejná správa |2 konspekt | |
| 080 | |a 35 |2 2011 | ||
| 080 | |a 352:328/329 |2 2011 | ||
| 080 | |a 17:35 |2 2011 | ||
| 080 | |a (0.034.44) |2 2011 | ||
| 080 | |a (062.534) |2 2011 | ||
| 080 | |a (437.6) |2 2011 | ||
| 245 | 0 | 0 | |a Aktuálne výzvy a problémy verejnej správy II. |h elektronický zdroj |b perspektívy komunálnej politiky na Slovensku po voľbách v roku 2014 : recenzovaný zborník vedeckých príspevkov z vedeckej konferencie |c zostavovateľ: Drahomíra Ondrová, Veronika Džatková |
| 246 | 3 | 3 | |a Perspektívy komunálnej politiky na Slovensku po voľbách v roku 2014 |
| 250 | |a Vyd.: prvé | ||
| 260 | |a Košice |b Univerzita Pavla Jozefa Šafárika |c 2015 | ||
| 300 | |a 1 elektronický optický disk (CD-ROM) |b fareb. |c 12 cm | ||
| 500 | |a Názov z titulnej obrazovky | ||
| 500 | |a Nad názvom: Univerzita Pavla Jozefa Šafárika v Košiciach, Fakulta verejnej správy, Katedra verejnej politiky a teórie verejnej správy | ||
| 504 | |a Bibliogr. odkazy | ||
| 516 | |a Textový dokument (zborník), súbor vo formáte pdf | ||
| 538 | |a Technické požiadavky: PDF prehliadač | ||
| 546 | |a Text čiast. angl., čes., nem. | ||
| 650 | 0 | 7 | |a verejná správa |2 SNKPH |9 1538 |
| 650 | 0 | 7 | |a komunálna politika |2 SNKPH |9 85549 |
| 650 | 0 | 7 | |a etika verejnej správy |2 SNKPH |9 73038 |
| 650 | 0 | 7 | |a Public administration |2 SNKPHeng |9 266247 |
| 650 | 0 | 7 | |a Local policy |2 SNKPHeng |9 266382 |
| 650 | 0 | 7 | |a Ethics of public administration |2 SNKPHeng |9 327004 |
| 651 | 7 | |a Slovensko |2 SNKPH |9 14231 | |
| 651 | 7 | |a Slovakia |2 SNKPHeng |9 92630 | |
| 655 | 7 | |a elektronické zdroje |2 SNKPH |9 90954 | |
| 655 | 7 | |a CD-ROM |2 SNKPH |9 70236 | |
| 655 | 7 | |a zborníky konferencií |2 SNKPH |9 70153 | |
| 655 | 7 | |a Electronic resources |2 SNKPHeng |9 175546 | |
| 655 | 7 | |a Proceedings of conferences |2 SNKPHeng |9 265791 | |
| 700 | 1 | |a Ondrová, Drahomíra, |d 1947- |4 com |9 205695 | |
| 700 | 1 | |a Džatková, Veronika |4 com |9 427876 | |
| 710 | 2 | |a Univerzita Pavla Jozefa Šafárika v Košiciach. |b Fakulta verejnej správy. |b Katedra verejnej politiky a teórie verejnej správy |9 176132 | |
| 919 | |a 978-80-8152-344-1 | ||
| 958 | |a NB | ||
| 999 | |c 739513 |d 741443 | ||
| 952 | |a SNK |b SNK |y PREZ |7 0 |p 17A1179131 |o snkSCDM 8082 |i snk2016/3882 |8 0 |0 0 |1 0 |4 0 |d 2016-02-15 |l 0 |r 2026-02-23 22:55:21 |w 2026-02-23 | ||
| 952 | |t snkAKT 35 |a SNKMST |b SNKMST |y PREZ |7 0 |p 17A1179132 |o snkSCDM 8082 D1 |i snk2016/3883 |8 0 |0 0 |1 0 |4 0 |d 2016-02-15 |l 0 |r 2025-08-11 00:00:00 |w 2026-02-23 | ||


